000 00650nam a2200241Ia 4500
003 OSt
005 20220918213839.0
006 a|||||r|||| 00| 0
007 ta
008 220917b |||||||| |||| 00| 0 eng d
024 _a134,592
037 _cTextual
040 _aARTS
_cARTS
_beng
041 _2eng
_aeng
082 _aX8(HZ118):9.6;.N, L2
100 _aWilson F
_953929
245 0 _aLabour in the South African gold mines 1911-1960
260 _aCambridge
_bC U P
_c1972
300 _axviii, 218p.
_ccm.
650 _aECONOMICS
942 _hX8(HZ118):9.6;.N, L2
_cTEXL
_2CC
999 _c257693
_d257693